Modern dredging practice/ (Record no. 19023)

MARC details
000 -LEADER
fixed length control field 01017nam a2200373 a 4500
001 - CONTROL NUMBER
control field vtls000013494
003 - CONTROL NUMBER IDENTIFIER
control field NLI
005 - DATE AND TIME OF LATEST TRANSACTION
control field 20210601181530.0
008 - FIXED-LENGTH DATA ELEMENTS--GENERAL INFORMATION
fixed length control field 101125s1969 enka 001 0 eng
020 ## - INTERNATIONAL STANDARD BOOK NUMBER
International Standard Book Number 584101813 (SBN)
Terms of availability $ 45.00
039 #9 - LEVEL OF BIBLIOGRAPHIC CONTROL AND CODING DETAIL [OBSOLETE]
-- 201011250106
-- VLOAD
040 0# - CATALOGING SOURCE
Original cataloging agency NLI
Language of cataloging eng
Transcribing agency VERGIS-2003
041 0# - LANGUAGE CODE
Language code of text/sound track or separate title eng
044 ## - COUNTRY OF PUBLISHING/PRODUCING ENTITY CODE
MARC country code enk
082 04 - DEWEY DECIMAL CLASSIFICATION NUMBER
Classification number 627.73
100 1# - MAIN ENTRY--PERSONAL NAME
Personal name Hammond, Rolt
Dates associated with a name 1904-
9 (RLIN) 44662
245 10 - TITLE STATEMENT
Title Modern dredging practice/
Statement of responsibility, etc. Rolt Hammond
260 ## - PUBLICATION, DISTRIBUTION, ETC.
Place of publication, distribution, etc. London:
Name of publisher, distributor, etc. Frederick Muller,
Date of publication, distribution, etc. c1969
300 ## - PHYSICAL DESCRIPTION
Extent 274 p.:
Other physical details ill.;
Dimensions 22 cm.
500 ## - GENERAL NOTE
General note Includes index
650 #0 - SUBJECT ADDED ENTRY--TOPICAL TERM
Topical term or geographic name entry element Dredging
9 (RLIN) 51693
650 #0 - SUBJECT ADDED ENTRY--TOPICAL TERM
Topical term or geographic name entry element Hydraulic engineering
9 (RLIN) 603
650 #0 - SUBJECT ADDED ENTRY--TOPICAL TERM
Topical term or geographic name entry element Dredging
General subdivision Research
9 (RLIN) 51694
650 #0 - SUBJECT ADDED ENTRY--TOPICAL TERM
Topical term or geographic name entry element Excavation
887 ## - NON-MARC INFORMATION FIELD
Content of non-MARC field Nedunchezhian
901 ## - LOCAL DATA ELEMENT A, LDA (RLIN)
a 395560
b 16/03/1970
902 ## - LOCAL DATA ELEMENT B, LDB (RLIN)
a E 627.73 H 184
903 ## - LOCAL DATA ELEMENT C, LDC (RLIN)
a 02/03/2004
904 ## - LOCAL DATA ELEMENT D, LDD (RLIN)
a Nedunchezhian
906 ## - LOCAL DATA ELEMENT F, LDF (RLIN)
a 012407
949 ## - LOCAL PROCESSING INFORMATION (OCLC)
-- VIRTUAITEM
-- 10000
-- 1
-- 100
6 PUR000395560ENG
a E 627.73 H184
942 ## - ADDED ENTRY ELEMENTS (KOHA)
Source of classification or shelving scheme Dewey Decimal Classification
Koha item type Books
Holdings
Withdrawn status Lost status Damaged status Not for loan Collection code Home library Current library Shelving location Date acquired Total Checkouts Full call number Barcode Date last seen Price effective from Koha item type
        New English National Library of India National Library of India New English - Main Stack Division     E 627.73 H 184 PUR000395560ENG 01/06/2021 01/06/2021 Books
                                                                           
web counter

Copyright ©2020 The National Library of India, Govt. of India ↔ Hosted by NVLI, MOC ↔ Technology and Design by National Library of India, Ministry of Culture, Govt. of India